[Event "CFriend AT-2006-0-00039 email"]
[Site "Chessfriend.com"]
[Date "2006.03.15"]
[Round "1"]
[White "Andersen, Lars Kirstein"]
[Black "Sintoro, Ali"]
[Result "1/2-1/2"]
[WhiteElo "2116"]
[BlackElo "1889"]
[PlyCount "50"]
[EventDate "2006.??.??"]
[EventType "tourn (corr)"]
[EventRounds "2"]
[SourceTitle "Corr 2024"]
[Source "ChessBase"]
[SourceDate "2023.10.19"]
[SourceVersion "1"]
[SourceVersionDate "2023.10.19"]
[SourceQuality "1"]

1. d4 d5 2. c4 c6 3. Nc3 dxc4 4. e4 b5 5. a4 b4 6. Nb1 Ba6 7. Nf3 Nf6 8. e5 Nd5 9. e6 f6 10. Be2 Qc8 11. 0-0 Qxe6 12. Re1 Qd7 13. Nh4 g6 14. Nd2 c3 15. Nb3 e6 16. Bg4 f5 17. Bf3 Qd8 18. Bxd5 Qxd5 19. bxc3 bxc3 20. Nf3 Nd7 21. Ne5 Nxe5 22. Rxe5 Qc4 23. Nc5 Kf7 24. Nxa6 Qxa6 25. Qb3 Qc8 1/2-1/2

[Event "CFriend AT-2006-0-00038 email"]
[Site "Chessfriend.com"]
[Date "2006.03.13"]
[Round "1"]
[White "Indjov, Dessimir"]
[Black "Sintoro, Ali"]
[Result "0-1"]
[WhiteElo "2002"]
[BlackElo "1889"]
[PlyCount "32"]
[EventDate "2006.??.??"]
[EventType "tourn (corr)"]
[EventRounds "2"]
[SourceTitle "Corr 2024"]
[Source "ChessBase"]
[SourceDate "2023.10.19"]
[SourceVersion "1"]
[SourceVersionDate "2023.10.19"]
[SourceQuality "1"]

1. e4 e5 2. Nf3 Nc6 3. Bc4 Bc5 4. Nxe5 Nxe5 5. d4 Bb4+ 6. c3 Nxc4 7. cxb4 Ne7 8. Qb3 d5 9. exd5 Qxd5 10. Be3 Qxg2 11. Rf1 Be6 12. Ke2 Nf5 13. Qa4+ Bd7 14. b5 Nfxe3 15. Nc3 Bg4+ 16. Ke1 Qxf1# 0-1

[Event "CFriend AT-2006-0-00037 email"]
[Site "Chessfriend.com"]
[Date "2006.03.12"]
[Round "1"]
[White "Sintoro, Ali"]
[Black "Lahdenmaeki, Leo"]
[Result "1/2-1/2"]
[WhiteElo "1889"]
[BlackElo "1967"]
[PlyCount "21"]
[EventDate "2006.??.??"]
[EventType "tourn (corr)"]
[EventRounds "2"]
[SourceTitle "Corr 2024"]
[Source "ChessBase"]
[SourceDate "2023.10.19"]
[SourceVersion "1"]
[SourceVersionDate "2023.10.19"]
[SourceQuality "1"]

1. d4 Nf6 2. c4 c5 3. d5 d6 4. Nc3 g6 5. e4 Bg7 6. Nf3 0-0 7. Be2 e6 8. 0-0 Na6 9. dxe6 Bxe6 10. Bf4 Qa5 11. Qb3 1/2-1/2

[Event "CFriend AT-2006-0-00027 email"]
[Site "Chessfriend.com"]
[Date "2006.02.24"]
[Round "1"]
[White "Sintoro, Ali"]
[Black "Jimenez, Joaquin"]
[Result "1/2-1/2"]
[WhiteElo "1889"]
[BlackElo "2270"]
[PlyCount "21"]
[EventDate "2006.??.??"]
[EventType "tourn (corr)"]
[EventRounds "2"]
[SourceTitle "Corr 2024"]
[Source "ChessBase"]
[SourceDate "2023.10.19"]
[SourceVersion "1"]
[SourceVersionDate "2023.10.19"]
[SourceQuality "1"]

1. e4 e5 2. Nf3 Nc6 3. Bc4 Nf6 4. Ng5 d5 5. exd5 Nd4 6. c3 b5 7. Bf1 Nxd5 8. cxd4 Qxg5 9. Bxb5+ Kd8 10. 0-0 Bb7 11. Qf3 1/2-1/2

[Event "CFriend AT-2006-0-00020 email"]
[Site "Chessfriend.com"]
[Date "2006.02.12"]
[Round "1"]
[White "Sintoro, Ali"]
[Black "Borst, John"]
[Result "1/2-1/2"]
[WhiteElo "1889"]
[BlackElo "2011"]
[PlyCount "21"]
[EventDate "2006.??.??"]
[EventType "tourn (corr)"]
[EventRounds "2"]
[SourceTitle "Corr 2024"]
[Source "ChessBase"]
[SourceDate "2023.10.19"]
[SourceVersion "1"]
[SourceVersionDate "2023.10.19"]
[SourceQuality "1"]

1. d4 d5 2. c4 c6 3. Nc3 dxc4 4. a4 e5 5. dxe5 Qxd1+ 6. Kxd1 Na6 7. e4 Be6 8. Be3 Rd8+ 9. Kc2 Nh6 10. h3 Bc5 11. Bxc5 1/2-1/2

[Event "CFriend AT-2006-0-00019 email"]
[Site "Chessfriend.com"]
[Date "2006.02.11"]
[Round "1"]
[White "Weiss, Lester"]
[Black "Sintoro, Ali"]
[Result "1/2-1/2"]
[WhiteElo "1866"]
[BlackElo "1889"]
[PlyCount "42"]
[EventDate "2006.??.??"]
[EventType "tourn (corr)"]
[EventRounds "2"]
[SourceTitle "Corr 2024"]
[Source "ChessBase"]
[SourceDate "2023.10.19"]
[SourceVersion "1"]
[SourceVersionDate "2023.10.19"]
[SourceQuality "1"]

1. d4 Nf6 2. c4 e6 3. Nc3 Bb4 4. Nf3 c5 5. e3 0-0 6. Bd3 d5 7. 0-0 Nc6 8. a3 Bxc3 9. bxc3 dxc4 10. Bxc4 Qc7 11. Bd3 e5 12. Qc2 Re8 13. Nxe5 Nxe5 14. dxe5 Qxe5 15. f3 Bd7 16. a4 Rad8 17. Re1 Bc6 18. e4 Nd5 19. Bd2 Nf4 20. Bf1 b6 21. Red1 Rd6 1/2-1/2

[Event "CFriend AT-2006-0-00011 email"]
[Site "Chessfriend.com"]
[Date "2006.02.06"]
[Round "1"]
[White "Ghisi, Stefano"]
[Black "Sintoro, Ali"]
[Result "1/2-1/2"]
[WhiteElo "1525"]
[BlackElo "1889"]
[PlyCount "47"]
[EventDate "2006.??.??"]
[EventType "tourn (corr)"]
[EventRounds "2"]
[SourceTitle "Corr 2024"]
[Source "ChessBase"]
[SourceDate "2023.10.19"]
[SourceVersion "1"]
[SourceVersionDate "2023.10.19"]
[SourceQuality "1"]

1. e4 c5 2. Nf3 e6 3. Nc3 d5 4. exd5 exd5 5. Bb5+ Nc6 6. 0-0 a6 7. Re1+ Be6 8. Bxc6+ bxc6 9. d4 Nf6 10. Ng5 cxd4 11. Ne2 Bd7 12. Nxd4+ Be7 13. Qe2 h6 14. Ngf3 c5 15. Bf4 Ne4 16. Nb3 Bb5 17. Qe3 0-0 18. a4 Be8 19. Nfd2 f5 20. f3 Nxd2 21. Nxd2 Rf7 22. Nb3 Rc8 23. Qc3 Qb6 24. a5 1/2-1/2

[Event "CFriend AP-2004-Q-00019 email"]
[Site "Chessfriend.com"]
[Date "2004.09.24"]
[Round "1"]
[White "Sintoro, Ali"]
[Black "Johansson, Mats"]
[Result "0-1"]
[WhiteElo "1889"]
[BlackElo "2281"]
[PlyCount "98"]
[EventDate "2004.??.??"]
[EventType "tourn (corr)"]
[EventRounds "12"]
[SourceTitle "Corr 2024"]
[Source "ChessBase"]
[SourceDate "2023.10.19"]
[SourceVersion "1"]
[SourceVersionDate "2023.10.19"]
[SourceQuality "1"]

1. d4 Nf6 2. c4 e6 3. Nf3 b6 4. Nc3 Bb7 5. e3 d5 6. cxd5 exd5 7. Bd3 Bd6 8. 0-0 0-0 9. Qc2 Re8 10. Nb5 Ba6 11. Ng5 h6 12. Nf3 c6 13. Nxd6 Bxd3 14. Qxd3 Qxd6 15. b3 Nbd7 16. Bb2 Rac8 17. Rac1 Ne4 18. Ne5 Qe6 19. Nxd7 Qxd7 20. Rc2 Re6 21. Ba3 Rce8 22. Rfc1 Rf6 23. Bb4 Ng5 24. Qe2 Qf5 25. Be1 Rg6 26. Kh1 Ne6 27. Qf3 Nxd4 28. Qxf5 Nxf5 29. Rxc6 Rxc6 30. Rxc6 d4 31. g4 Nh4 32. Bd2 Nf3 33. Bc1 d3 34. Rd6 Rc8 35. Ba3 Nh4 36. Rxd3 Rc2 37. h3 Rxf2 38. Kg1 Rxa2 39. Be7 Nf3+ 40. Kf1 Kh7 41. b4 a5 42. bxa5 bxa5 43. Ra3 Rxa3 44. Bxa3 Kg6 45. Kf2 Ne5 46. Ke2 a4 47. Bb2 f6 48. Kf1 Kg5 49. Kg2 Kh4 0-1

[Event "CFriend AP-2004-Q-00019 email"]
[Site "Chessfriend.com"]
[Date "2004.09.24"]
[Round "1"]
[White "Sintoro, Ali"]
[Black "Mantovanelli, Marco"]
[Result "0-1"]
[WhiteElo "1889"]
[BlackElo "2328"]
[PlyCount "80"]
[EventDate "2004.??.??"]
[EventType "tourn (corr)"]
[EventRounds "12"]
[SourceTitle "Corr 2024"]
[Source "ChessBase"]
[SourceDate "2023.10.19"]
[SourceVersion "1"]
[SourceVersionDate "2023.10.19"]
[SourceQuality "1"]

1. c4 e5 2. Nc3 Nf6 3. g3 Bb4 4. Nd5 Nxd5 5. cxd5 0-0 6. Bg2 d6 7. Nf3 c6 8. Qb3 Ba5 9. 0-0 cxd5 10. Qxd5 Nc6 11. d3 Be6 12. Qb5 Bb6 13. Be3 Bxe3 14. fxe3 Qe7 15. Rac1 d5 16. Qc5 Qd8 17. Qb5 Rb8 18. d4 e4 19. Nd2 Ne7 20. Rc3 Nf5 21. Rfc1 a5 22. R1c2 b6 23. Nf1 Nd6 24. Qb3 Re8 25. Rc6 Nc4 26. a4 Bd7 27. R6xc4 dxc4 28. Qa3 Bg4 29. h3 Be6 30. Qc3 Qd7 31. Kh2 Qxa4 32. g4 Bd5 33. Ng3 b5 34. Qd2 b4 35. Qc1 Rbc8 36. Nf5 c3 37. bxc3 Bb3 38. Rb2 bxc3 39. Rxb3 Qxb3 40. Nd6 Qb8 0-1

[Event "Internet Section 06A g/8'+2\""]
[Site "Dos Hermanas"]
[Date "2004.03.06"]
[Round "6"]
[White "Sintoro, Ali"]
[Black "Greenberg, Roy"]
[Result "0-1"]
[WhiteElo "1767"]
[BlackElo "2245"]
[PlyCount "42"]
[EventDate "2004.03.06"]
[EventType "swiss (blitz)"]
[EventRounds "9"]
[EventCountry "ESP"]
[SourceTitle "CBM 099 Extra"]
[Source "ChessBase"]
[SourceDate "2004.05.04"]
[SourceVersion "1"]
[SourceVersionDate "2004.05.04"]
[SourceQuality "1"]

1. e4 e6 2. d4 d5 3. Nc3 Bb4 4. e5 c5 5. a3 Bxc3+ 6. bxc3 Qc7 7. Qg4 f6 8. f4 cxd4 9. Ne2 fxe5 10. cxd4 Nf6 11. Qg3 e4 12. c3 b6 13. Bd2 Ba6 14. h3 0-0 15. Qe3 Nc6 16. g4 Na5 17. Bg2 Nc4 18. Qf2 Nxd2 19. Kxd2 Rac8 20. Rac1 Qc4 21. Rhe1 Qd3# 0-1

[Event "CFriend AQ-2004-0-00003 email"]
[Site "Chessfriend.com"]
[Date "2004.01.18"]
[Round "?"]
[White "Pascual, Orlando B"]
[Black "Sintoro, Ali"]
[Result "0-1"]
[WhiteElo "1896"]
[BlackElo "1786"]
[PlyCount "54"]
[EventDate "2004.??.??"]
[EventType "tourn (corr)"]
[EventRounds "13"]
[SourceTitle "Corr 2008"]
[Source "ChessBase"]
[SourceDate "2008.06.24"]
[SourceVersion "1"]
[SourceVersionDate "2008.06.24"]
[SourceQuality "1"]

1. e4 e5 2. Nc3 Nf6 3. Bc4 Nc6 4. f4 Nxe4 5. Bxf7+ Kxf7 6. Nxe4 d5 7. Nf2 exf4 8. d3 Bc5 9. Bxf4 Re8+ 10. Kf1 Kg8 11. Bg3 Qf6 12. Rb1 Bxf2 13. Bxf2 Rf8 14. Qd2 Nd4 15. h3 Bd7 16. g4 Bb5 17. Rh2 Rae8 18. Rd1 Re7 19. b3 Ref7 20. Rg2 Ne6 21. Ne2 Ng5 22. Qe3 Re8 23. Qd4 Qf3 24. Rd2 Rfe7 25. Rh2 Rxe2 26. Rxe2 Rxe2 27. Qc5 Rd2 0-1

[Event "CFriend AQ-2004-0-00003 email"]
[Site "Chessfriend.com"]
[Date "2004.01.18"]
[Round "?"]
[White "Sintoro, Ali"]
[Black "Ekaworawong, Prayoon"]
[Result "1-0"]
[WhiteElo "1786"]
[BlackElo "1896"]
[PlyCount "63"]
[EventDate "2004.??.??"]
[EventType "tourn (corr)"]
[EventRounds "13"]
[SourceTitle "Corr 2008"]
[Source "ChessBase"]
[SourceDate "2008.06.24"]
[SourceVersion "1"]
[SourceVersionDate "2008.06.24"]
[SourceQuality "1"]

1. e4 e6 2. d4 d5 3. Nd2 dxe4 4. Nxe4 Nd7 5. Nf3 Ngf6 6. Nxf6+ Nxf6 7. Bd3 c5 8. dxc5 Bxc5 9. 0-0 0-0 10. Bg5 b6 11. Qe2 Bb7 12. Rad1 Qc7 13. Bxf6 gxf6 14. Be4 Rfd8 15. Bxb7 Qxb7 16. Qc4 Bf8 17. c3 Bg7 18. Qa4 a5 19. Qf4 b5 20. a3 Qe7 21. Nd4 Qb7 22. Qg3 Kh8 23. Rd3 Rd5 24. Qf3 Rb8 25. Rfd1 Qc8 26. Qg3 Rg5 27. Qxb8 Qxb8 28. Nxe6 Rxg2+ 29. Kxg2 Qb7+ 30. Kg1 fxe6 31. Rd8+ Bf8 32. R1d7 1-0

[Event "CFriend AQ-2004-0-00003 email"]
[Site "Chessfriend.com"]
[Date "2004.01.18"]
[Round "?"]
[White "Sintoro, Ali"]
[Black "Horchler, Philip"]
[Result "1-0"]
[WhiteElo "1802"]
[BlackElo "1800"]
[PlyCount "101"]
[EventDate "2004.??.??"]
[EventType "tourn (corr)"]
[EventRounds "13"]
[SourceTitle "Corr 2008"]
[Source "ChessBase"]
[SourceDate "2008.06.24"]
[SourceVersion "1"]
[SourceVersionDate "2008.06.24"]
[SourceQuality "1"]

1. e4 c6 2. d4 d5 3. exd5 cxd5 4. c4 Nf6 5. Nc3 g6 6. Nf3 Bg7 7. c5 0-0 8. Bb5 a6 9. Be2 Ne4 10. Qb3 Nxc3 11. bxc3 e6 12. 0-0 Nd7 13. Bf4 b5 14. a4 bxa4 15. Rxa4 Nf6 16. Rfa1 Ne4 17. Bxa6 Bxa6 18. Rxa6 Rxa6 19. Rxa6 h6 20. h3 Nf6 21. Ra7 Ne4 22. c4 dxc4 23. Qxc4 g5 24. Bc7 Qd5 25. Qxd5 exd5 26. Bb6 Rc8 27. Rd7 Kf8 28. Rxd5 Nc3 29. Rd8+ Rxd8 30. Bxd8 Ne2+ 31. Kf1 Nxd4 32. Nxd4 Bxd4 33. c6 Ke8 34. Bc7 f5 35. Ke2 Ke7 36. f4 Ke6 37. Be5 Bb6 38. Kf3 Ba5 39. g4 gxf4 40. Bxf4 fxg4+ 41. Kxg4 Bc3 42. Kh5 Bg7 43. Kg6 Bf8 44. h4 Be7 45. h5 Bf8 46. Bxh6 Bd6 47. Bg7 Bf4 48. Bf8 Kd5 49. c7 Bxc7 50. h6 Be5 51. Bg7 1-0